[Event "TCh-ISL Div1 2013-14"]
[Site "Reykjavik ISL"]
[Date "2013.10.11"]
[Round "2.2"]
[White "Petursson,Palmi Ragnar"]
[Black "Bjornsson,Si"]
[Result "1-0"]
[WhiteElo "2205"]
[BlackElo "2395"]

1.e4 c5 2.Nf3 d6 3.Bb5+ Bd7 4.Bxd7+ Qxd7 5.O-O Nf6 6.Re1 e6 7.d4 cxd4 8.Nxd4 Be7
9.c4 O-O 10.Nc3 a6 11.b3 Qc7 12.Bb2 Nbd7 13.f4 Rfe8 14.Kh1 Rac8 15.Qf3 Nf8
16.Qg3 Nh5 17.Qf3 Nf6 18.Qg3 g6 19.Re2 Nh5 20.Qf3 Bf6 21.Rd1 Bg7 22.g4 Nf6
23.Nc2 b5 24.cxb5 Nxg4 25.b6 Qe7 26.e5 dxe5 27.Qxg4 exf4 28.Qf3 Red8 29.Red2 Rxd2
30.Rxd2 f5 31.Na4 e5 32.Qd5+ Kh8 33.b7 Rb8 34.Nc5 f3 35.Qd6 Qe8 36.Nb4 Qb5
37.Nbd3 Rxb7 38.Nxb7 Qxb7 39.Kg1 Nd7 40.Nxe5 Qe4 41.Nxg6+ hxg6 42.Bxg7+ Kxg7
43.Qxd7+ Kh6 44.Kf1 Qg4 45.Qd4 Qh3+ 46.Kg1 Kh7 47.Qa7+ Kh6 48.Qe3+ Kh5 49.Rf2 Kg4
50.Qd4+ Kg5 51.Qe3+ Kg4 52.b4 g5 53.a4  1-0

[Event "Chigorin Memorial"]
[Site "St Petersburg RUS"]
[Date "2013.10.11"]
[Round "7.99"]
[White "Kartsev,Evgeni"]
[Black "Egorov,Daniil"]
[Result "0-1"]
[WhiteElo "2067"]
[BlackElo "1929"]

1.e4 c5 2.Nf3 d6 3.Bb5+ Bd7 4.a4 e6 5.O-O Nf6 6.Re1 Be7 7.e5 dxe5 8.Nxe5 O-O
9.Nxd7 Nbxd7 10.Qf3 a6 11.Bf1 Qc7 12.d3 Nd5 13.c3 Rfd8 14.Na3 Ne5 15.Qh3 Ng6
16.Bd2 Qc6 17.Nc4 Ndf4 18.Qg3 Bh4 19.Qe3 Bf6 20.a5 Rab8 21.Rad1 Rd7 22.g3 Nd5
23.Qe2 Qc7 24.Bc1 Rbd8 25.Qc2 Ne5 26.Bg2 Nxc4 27.dxc4 Ne7 28.Rxd7 Qxd7 29.Qb3 Nc6
30.Qb6 Be7 31.Bf4 Rc8 32.Bf3 Bd8 33.Qxc5 Nxa5 34.Qh5 Nxc4 35.Rd1 Qe7 36.b3 Na5
37.Bd6 Qf6 38.Be5 Qg6 39.Qxg6 hxg6 40.b4 Nc6 41.Bf4 Bf6 42.Rd3 g5 43.Bxc6 Rxc6
44.Bd2 b6 45.Kf1 Kf8 46.Ke2 Ke7 47.Kd1 Rd6 48.Kc2 Rxd3 49.Kxd3 Kd6 50.h3 Kc6
51.c4 Bd8 52.g4 a5 53.Kc3 Be7 54.b5+ Kc7 55.Be3 f6 56.Kb3 Bc5  0-1

[Event "Bundesliga 2013-14"]
[Site "Berlin GER"]
[Date "2013.10.12"]
[Round "1"]
[White "Maze,S"]
[Black "Kraemer,Mart"]
[Result "1/2-1/2"]
[WhiteElo "2550"]
[BlackElo "2546"]

1.e4 c5 2.Nf3 d6 3.Bb5+ Nd7 4.O-O a6 5.Bxd7+ Bxd7 6.d4 cxd4 7.Qxd4 e5 8.Qd3 h6
9.c4 b5 10.Nc3 bxc4 11.Qxc4 Nf6 12.Rd1 Be6 13.Qd3 Be7 14.b3 O-O 15.Ba3 Qa5
16.Na4 Rac8 17.Rac1 Nxe4 18.Rxc8 Rxc8 19.Qxe4 d5 20.Qxe5 Bxa3 21.Nd4 Qd2
22.Qe1 Qxe1+ 23.Rxe1 Bb4 24.Rd1 Kf8 25.Kf1 Rc7 26.Ke2 Ke7 27.h4 Ba5 28.Nb2 Bc3
29.Na4 Ba5 30.Nb2 Bc3 31.Na4 Ba5  1/2-1/2

[Event "7th Univ Cent Open 2013"]
[Site "Bogota COL"]
[Date "2013.10.12"]
[Round "5.24"]
[White "Hernandez Moya,Y"]
[Black "Corredor Rengifo,Luis Fernando"]
[Result "1-0"]
[WhiteElo "2218"]
[BlackElo "2011"]

1.e4 c5 2.Nf3 d6 3.Bb5+ Bd7 4.Bxd7+ Qxd7 5.c4 Nf6 6.Nc3 Nc6 7.O-O g6 8.d4 cxd4
9.Nxd4 Bg7 10.Nc2 O-O 11.Qe2 Rfe8 12.Bd2 e6 13.Rad1 Qe7 14.Bg5 a6 15.f4 Qc7
16.Kh1 Na5 17.b3 b5 18.Rf3 bxc4 19.b4 Nb7 20.f5 a5 21.a3 axb4 22.axb4 h6
23.Be3 exf5 24.exf5 Re7 25.fxg6 fxg6 26.Qd2 Kh7 27.Rh3 Ng4 28.Bd4 Rf8 29.Rh4 Bxd4
30.Nxd4 Nf2+ 31.Kg1 h5 32.Re1 Nd3 33.Re6  1-0

[Event "Bundesliga 2013-14"]
[Site "Emsdetten GER"]
[Date "2013.10.12"]
[Round "1"]
[White "Bacrot,E"]
[Black "Giri,A"]
[Result "1-0"]
[WhiteElo "2730"]
[BlackElo "2749"]

1.e4 c5 2.Nf3 d6 3.Bb5+ Bd7 4.c4 Nf6 5.Nc3 g6 6.O-O Bg7 7.d4 cxd4 8.Nxd4 O-O
9.Bxd7 Qxd7 10.b3 Nc6 11.Bb2 a6 12.Nxc6 Qxc6 13.Nd5 Nxd5 14.exd5 Qc5 15.Bxg7 Kxg7
16.Re1 Rfe8 17.Qd2 b5 18.Rac1 Qa7 19.b4 bxc4 20.Rxc4 h5 21.Qc3+ Kg8 22.Rc7 Qb6
23.a4 Rab8 24.Re4 f6 25.g4 Rb7 26.Qxf6  1-0

[Event "Indonesia Open 2013"]
[Site "Jakarta INA"]
[Date "2013.10.12"]
[Round "4.39"]
[White "Yoseph,Theolifus Taher"]
[Black "Mohamad,Ervan"]
[Result "0-1"]
[WhiteElo "2345"]
[BlackElo "2260"]

1.e4 c5 2.Nf3 d6 3.Bb5+ Bd7 4.Bxd7+ Qxd7 5.O-O g6 6.c3 Bg7 7.d4 cxd4 8.cxd4 Nf6
9.Nc3 O-O 10.h3 Nc6 11.Re1 a6 12.Bg5 Rad8 13.Qd2 Rfe8 14.Rad1 b5 15.b3 Qb7
16.Qe3 Nd7 17.h4 Rc8 18.h5 Nf8 19.hxg6 hxg6 20.Qd2 Nxd4 21.Nxd4 Bxd4 22.Nd5 Ne6
23.Be3 Bg7 24.f4 Nc5 25.Bxc5 Rxc5 26.f5 e6 27.b4 Rcc8 28.Nf4 Qa7+ 29.Qf2 Qxf2+
30.Kxf2 Be5 31.Nd3 exf5 32.exf5 gxf5 33.Rc1 f6 34.Kf3 Kf7 35.Nf4 Rc4 36.Nd5 Rec8
37.Rcd1 Rc2 38.Rh1 Rg8 39.Rh7+ Kf8 40.Rh3 Rcxg2 41.Rc1 R8g3+ 42.Rxg3 Rxg3+
43.Ke2 Rg2+ 44.Kd3 Kf7 45.Rc7+ Ke6 46.Nb6 Rxa2 47.Nc8 f4 48.Re7+ Kf5 49.Re8 f3
50.Ne7+ Ke6 51.Ng6+ Kf7  0-1

[Event "Indonesia Open 2013"]
[Site "Jakarta INA"]
[Date "2013.10.12"]
[Round "4.47"]
[White "Davletbayeva,M"]
[Black "Hamdani,R"]
[Result "1/2-1/2"]
[WhiteElo "2259"]
[BlackElo "2339"]

1.e4 c5 2.Nf3 d6 3.Bb5+ Nd7 4.c3 Nf6 5.Qe2 Qc7 6.O-O a6 7.Ba4 e5 8.d3 Be7
9.Nh4 b5 10.Bb3 Nb6 11.f4 O-O 12.fxe5 dxe5 13.Nf5 Bxf5 14.Rxf5 Rad8 15.Bg5 Qd6
16.Bc2 h6 17.Bh4 g6 18.Rf3 Nh5 19.Bxe7 Qxe7 20.Nd2 Nf4 21.Qe3 Kg7 22.Raf1 Qd6
23.Nb3 Ne6 24.Rf6 Nd7 25.R6f3 Rc8 26.Nc1 c4 27.dxc4 bxc4 28.b4 cxb3 29.axb3 Ng5
30.R3f2 Qc5 31.Qd3 Nf6 32.Qe2 Qb6 33.Kh1 Rc6 34.Na2 a5 35.b4 axb4 36.cxb4 h5
37.h4 Ngh7 38.Bb3 Qd4 39.Rf3 Rc7 40.Re3 Ng4 41.Rd3 Qb6 42.Nc3 Nhf6 43.b5 Rfc8
44.Nd5 Nxd5 45.exd5 Qd6 46.b6 Rb7 47.Qa2 Rxb6 48.Bd1 Rc1 49.Qa7 Rc7 50.Qa1 Nf6
51.Bf3 Rb4 52.g3 e4 53.Bxe4 Rxe4 54.Rdf3 Qxd5 55.Qxf6+ Kh7 56.Kh2 Re5 57.R3f2 Rce7
58.Qa6 Qd7 59.Qa1 Re3 60.Qc1 Qg4 61.Rxf7+ Rxf7 62.Rxf7+ Kg8 63.Qxe3 Kxf7
64.Kg2 Kf6 65.Qc3+ Ke7 66.Qc7+ Kf8 67.Qd6+ Kf7 68.Qd7+  1/2-1/2

[Event "TCh-ISL Div1 2013-14"]
[Site "Reykjavik ISL"]
[Date "2013.10.12"]
[Round "3.5"]
[White "Petursson,Palmi Ragnar"]
[Black "Van Assendelft,F"]
[Result "0-1"]
[WhiteElo "2205"]
[BlackElo "2383"]

1.e4 c5 2.Nf3 d6 3.Bb5+ Bd7 4.Bxd7+ Qxd7 5.O-O Nf6 6.Re1 Nc6 7.c3 e6 8.d4 cxd4
9.cxd4 d5 10.e5 Ne4 11.Nbd2 Nxd2 12.Bxd2 Be7 13.Qb3 Qc7 14.a3 Qb6 15.Qxb6 axb6
16.Kf1 Kd7 17.Ke2 f6 18.Kd3 Ra4 19.Bc3 b5 20.b4 fxe5 21.Nxe5+ Nxe5+ 22.Rxe5 Rha8
23.Kc2 Rxa3 24.Rxa3 Rxa3 25.Kb2 Ra8 26.Re2 Rc8 27.Kb3 Rc4 28.Ra2 Bd8 29.Rd2 Bb6
30.f4 h5 31.g3 Ke7 32.Kc2 Rc8 33.Kd3 Ra8 34.Re2 Kf6 35.Re5 g6 36.Re2 Bc7
37.Rc2 Bd6 38.Re2 Kf5 39.h3 Ra3 40.Kc2 Ra2+ 41.Bb2 Ra4 42.g4+ hxg4 43.hxg4+ Kf6
44.Bc1 Rxb4 45.Rh2  0-1

[Event "Chigorin Memorial"]
[Site "St Petersburg RUS"]
[Date "2013.10.12"]
[Round "8.64"]
[White "Aminov,Andrey"]
[Black "Ivakhinova,I"]
[Result "1/2-1/2"]
[WhiteElo "2163"]
[BlackElo "2312"]

1.e4 c5 2.Nf3 d6 3.Bb5+ Nc6 4.Bxc6+ bxc6 5.O-O Bg4 6.h3 Bh5 7.e5 dxe5 8.g4 e4
9.gxh5 exf3 10.Nc3 Qd7 11.Qxf3 Nh6 12.d3 Nf5 13.Be3 Nd4 14.Bxd4 cxd4 15.Ne4 e6
16.Ng5 Rb8 17.Rfe1 Bd6 18.b3 Rb5 19.Ne4 h6 20.Qg4 Kf8 21.Kh1 f5 22.Qf3 Bb4
23.Re2 Kf7 24.a3 Be7 25.a4 Rb7 26.Nd2 Qd5 27.Kg2 Rc7 28.Nc4 Bb4 29.Re5 Qxf3+
30.Kxf3 Rd8 31.Rg1 Be7 32.Rge1 Bb4 33.Rg1 Be7 34.Rge1 Bb4 35.Rg1  1/2-1/2

[Event "Chigorin Memorial"]
[Site "St Petersburg RUS"]
[Date "2013.10.12"]
[Round "8.30"]
[White "Sivuk,V"]
[Black "Biriukov,O"]
[Result "1-0"]
[WhiteElo "2517"]
[BlackElo "2328"]

1.e4 c5 2.Nf3 d6 3.Bb5+ Bd7 4.Bxd7+ Qxd7 5.c4 Nf6 6.Nc3 g6 7.d4 cxd4 8.Nxd4 Bg7
9.f3 O-O 10.Be3 Rc8 11.b3 Nc6 12.O-O Nxd4 13.Bxd4 Ne8 14.Bxg7 Kxg7 15.f4 Qc7
16.Qd4+ Kg8 17.Nd5 Qd8 18.f5 Nc7 19.Ne3 f6 20.Rad1 Kg7 21.h4 b5 22.fxg6 hxg6
23.e5 dxe5 24.Qg4 Qe8 25.h5 e6 26.h6+ Kxh6 27.Qh4+ Kg7 28.Qxf6+  1-0

[Event "Chigorin Memorial"]
[Site "St Petersburg RUS"]
[Date "2013.10.12"]
[Round "8.108"]
[White "Zhivotovskaya,Asya"]
[Black "Chernov,Maksim"]
[Result "1-0"]
[WhiteElo "1755"]
[BlackElo "1962"]

1.e4 c5 2.Nf3 d6 3.Bb5+ Nd7 4.c4 Nf6 5.Nc3 e5 6.O-O Be7 7.d3 O-O 8.Ne1 a6
9.Ba4 Nb8 10.f4 exf4 11.Bxf4 Bd7 12.Bxd7 Qxd7 13.Nd5 Nxd5 14.exd5 Bf6 15.Qd2 Qc7
16.Nf3 Nd7 17.Rae1 Ne5 18.b3 Rfe8 19.Ng5 Ng6 20.Ne4 Bd4+ 21.Kh1 Nxf4 22.Qxf4 Be5
23.Qf5 f6 24.Re3 Re7 25.Rh3 g6 26.Nxf6+ Bxf6 27.Qxf6 Rae8 28.Rhf3 Re1 29.Kg1 Rxf1+
30.Kxf1 Qg7 31.Kf2 g5 32.Qxg7+ Kxg7 33.Re3 Rf8+ 34.Ke2 Rf7 35.Re6 Rd7 36.Ke3 h6
37.d4 b6 38.a3 a5 39.Kd3 Kh7 40.Kc3 h5 41.b4 axb4+ 42.axb4 cxd4+ 43.Kxd4 Kg7
44.c5 bxc5+ 45.bxc5 dxc5+ 46.Kxc5 Ra7 47.d6 Kf7 48.Rh6 Ra2 49.Rxh5 Rxg2 50.Kc6 Rc2+
51.Kd7 Kf6 52.Kd8 Rd2 53.d7 Kg6 54.Rh3 Kf7 55.Rg3 Kf6 56.h3 Re2 57.Rd3 Kf7
58.Rf3+ Kg7 59.Rf5 Kg6 60.Rd5  1-0

[Event "7th Univ Cent Open 2013"]
[Site "Bogota COL"]
[Date "2013.10.13"]
[Round "7.12"]
[White "Sanz Alonso,F"]
[Black "Castrillon Gomez,M"]
[Result "1-0"]
[WhiteElo "2351"]
[BlackElo "2143"]

1.e4 c5 2.Nf3 d6 3.Bb5+ Bd7 4.a4 Nc6 5.O-O g6 6.Re1 Bg7 7.c3 a6 8.Bf1 Nf6
9.h3 O-O 10.d4 cxd4 11.cxd4 e5 12.Nc3 exd4 13.Nxd4 Nxd4 14.Qxd4 Nxe4 15.Qxe4 Re8
16.Qxb7 Rxe1 17.Bg5 Rxf1+ 18.Rxf1 Rb8 19.Qa7 f6 20.Bf4 Rxb2 21.Qxa6 Rb6 22.Qa5 f5
23.Rd1 Be6 24.Nb5 Bf6 25.Qb4 d5 26.Qa5 Rc6 27.Qxd8+ Bxd8 28.Nd4 Ra6 29.Nxe6 Rxe6
30.Rxd5 Bb6 31.Re5 Rc6 32.Rb5 Kf7 33.a5 Bd8 34.Be3 Ke6 35.g4 fxg4 36.hxg4 Rc4
37.a6 Rxg4+ 38.Kf1 Ra4 39.a7 Bc7 40.Rb8 Rxa7 41.Bxa7 Bxb8 42.Bxb8 Kf5 43.Kg2 g5
44.Kf3 h5 45.Kg3 Ke4 46.Bc7 Kd3 47.Bd8 h4+ 48.Kf3 h3 49.Bxg5  1-0

[Event "7th Univ Cent Open 2013"]
[Site "Bogota COL"]
[Date "2013.10.13"]
[Round "8.1"]
[White "Gonzalez Vidal,Y"]
[Black "Ortiz Suarez,I"]
[Result "1/2-1/2"]
[WhiteElo "2523"]
[BlackElo "2601"]

1.e4 c5 2.Nf3 d6 3.Bb5+ Nd7 4.d4 cxd4 5.Qxd4 e5 6.Qd3 h6 7.O-O Nf6 8.c4 a6
9.Bxd7+ Bxd7 10.Nc3 Be7 11.Rd1 Qb8 12.a4 O-O 13.b3 b5 14.axb5 axb5 15.Rxa8 Qxa8
16.cxb5 Be6 17.Bb2 Bxb3 18.Ra1 Qb7 19.Nd2 Be6 20.Nc4 Rc8 21.Ne3 Nd7 22.Ba3 Ra8
23.Ncd5 Bg5 24.Rb1 Bxe3 25.Nxe3 Nf6 26.f3 d5  1/2-1/2

[Event "Chigorin Memorial"]
[Site "St Petersburg RUS"]
[Date "2013.10.13"]
[Round "9.97"]
[White "Senkevich,K"]
[Black "Sedykh,Egor"]
[Result "1/2-1/2"]
[WhiteElo "2039"]
[BlackElo "1899"]

1.e4 c5 2.Nf3 d6 3.Bb5+ Bd7 4.Bxd7+ Qxd7 5.O-O Nc6 6.d4 cxd4 7.Nxd4 Nf6 8.Re1 g6
9.c4 Bg7 10.Nc3 O-O 11.Nc2 Rac8 12.b3 Nh5 13.Bb2 Nf4 14.Qf3 g5 15.Rad1 Ne5
16.Qg3 h6 17.Nd4 Bf6 18.Nf5 Kh7 19.Nd5 Nxd5 20.Rxd5 Qe6 21.Qh3 Nf3+ 22.Qxf3 Bxb2
23.Nd4 Bxd4 24.Rxd4 Rc5 25.Qe3 b6 26.Rd5 Rfc8 27.Qd3 Kg8 28.Rd1 Rxd5 29.Qxd5 Qxd5
30.Rxd5 Rc6 31.Kf1 e6 32.Rd2 Kf8 33.Ke2 Ke7 34.Ke3 Rc5 35.f3 f5 36.exf5 Rxf5
37.Rd4 Ra5 38.Rd2 Re5+ 39.Kf2 Rc5 40.Ke3 Kd7 41.Rd4 Ra5 42.Rd2 a6 43.g3 b5
44.c5 d5 45.Kd4 b4 46.Rc2  1/2-1/2

[Event "Indonesia Open 2013"]
[Site "Jakarta INA"]
[Date "2013.10.14"]
[Round "7.18"]
[White "Zozulia,A"]
[Black "Salem,AR"]
[Result "0-1"]
[WhiteElo "2330"]
[BlackElo "2567"]

1.e4 c5 2.Nf3 d6 3.Bb5+ Nd7 4.d4 Nf6 5.Nc3 cxd4 6.Qxd4 e5 7.Qd3 h6 8.Nd2 Be7
9.Nc4 O-O 10.Bxd7 Qxd7 11.O-O b5 12.Ne3 Qb7 13.Ncd5 Be6 14.Nxe7+ Qxe7 15.f3 Rab8
16.Bd2 Rfd8 17.Ba5 Rd7 18.Rfd1 d5 19.exd5 Bxd5 20.Nxd5 Nxd5 21.a3 a6 22.Kh1 Rc8
23.Qe2 Qe6 24.Rd2 Nf4 25.Qf2 Rxd2 26.Qxd2 Qc4 27.Bc3 f6 28.Re1 Nd5 29.Ba5 Qd4
30.Rd1 Ne3 31.Bc3 Qxd2 32.Rxd2 Nc4 33.Rd3 Kf7 34.Kg1 Ke6 35.Kf2 Nxb2 36.Bxb2 Rxc2+
37.Kg3 Rxb2 38.Rd8 Rb3  0-1

[Event "66th ch-RUS 2013"]
[Site "Nizhny Novgorod RUS"]
[Date "2013.10.14"]
[Round "9.5"]
[White "Motylev,A"]
[Black "Shomoev,A"]
[Result "1-0"]
[WhiteElo "2676"]
[BlackElo "2579"]

1.e4 c5 2.Nf3 d6 3.Bb5+ Nd7 4.O-O Nf6 5.Re1 a6 6.Bf1 b6 7.c4 Ne5 8.d4 Nxf3+
9.gxf3 cxd4 10.Qxd4 g6 11.Be3 Bg7 12.Nc3 Rb8 13.Rad1 O-O 14.Qd2 Be6 15.b3 Nd7
16.Bd4 Ne5 17.Qe3 f6 18.Nd5 g5 19.Kh1 Rf7 20.Bxb6 Qd7 21.Bd4 f5 22.Bxe5 f4
23.Nxf4 gxf4 24.Bxf4 Rbf8 25.Bh6 Rxf3 26.Qg5 R8f7 27.Be2 R3f6 28.Bxg7 Rxg7
29.Qh4 Qa7 30.Rxd6 Qc7 31.Rd3 Bf7 32.Rg1 Bg6 33.f3 Qa5 34.Qg5 Qxa2 35.Rd8+ Rf8
36.Qd5+ Rf7 37.Rxf8+ Kxf8 38.Qd8+ Kg7 39.Qd4+ Rf6 40.Bd1 Qa5 41.f4 e5 42.fxe5 Re6
43.Bh5 Qxe5 44.Qxe5+ Rxe5 45.Bxg6 hxg6 46.Ra1 a5 47.Kg2 Kf6 48.h4 Rh5 49.Kf2 Rxh4
50.Rxa5 Rxe4 51.Rc5 g5 52.b4 g4 53.b5 Ke7 54.b6 Kd6 55.Rc7  1-0

[Event "51st ch-IND B 2013"]
[Site "Bhopal IND"]
[Date "2013.10.15"]
[Round "5.23"]
[White "Girinath,P"]
[Black "Praneeth,S"]
[Result "1/2-1/2"]
[WhiteElo "2333"]
[BlackElo "2210"]

1.e4 c5 2.Nf3 d6 3.Bb5+ Nd7 4.O-O a6 5.Bd3 Ngf6 6.Re1 e6 7.Bf1 Be7 8.c3 O-O
9.d4 Qc7 10.Bg5 Re8 11.e5 Nd5 12.Bxe7 Nxe7 13.exd6 Qxd6 14.Nbd2 b6 15.Nc4 Qc7
16.dxc5  1/2-1/2

[Event "3rd Central Asia Cup"]
[Site "Dushanbe TJK"]
[Date "2013.10.15"]
[Round "4.4"]
[White "Kuderinov,K"]
[Black "Khamdamov,S"]
[Result "1-0"]
[WhiteElo "2465"]
[BlackElo "2292"]

1.e4 c5 2.Nf3 d6 3.Bb5+ Bd7 4.Bxd7+ Qxd7 5.O-O Nf6 6.Re1 Nc6 7.c3 e6 8.d4 cxd4
9.cxd4 d5 10.e5 Ne4 11.Nbd2 Nxd2 12.Bxd2 Be7 13.Rc1 O-O 14.Rc3 Rfc8 15.h4 Bd8
16.h5 b5 17.h6 g6 18.Rd3 Bb6 19.Qe2 a5 20.Qe3 Nb4 21.Bxb4 axb4 22.a3 bxa3
23.Rxa3 Rxa3 24.Qxa3 Bd8 25.g4 Be7 26.Qa6 Qc6 27.Qxc6 Rxc6 28.Ra1 Rc8 29.Ra7 Kf8
30.b4 Rb8 31.Kg2 Bxb4 32.Ng5 Kg8 33.Rxf7 Bf8 34.Ra7 Bxh6 35.Nxe6 b4 36.g5 Bf8
37.Nf4 Rb5 38.Rd7 b3 39.Nxd5 Bb4 40.e6 Kf8 41.Rf7+ Ke8 42.Nc7+ Kd8 43.Nxb5 b2
44.Nd6  1-0

[Event "Indonesia Open 2013"]
[Site "Jakarta INA"]
[Date "2013.10.15"]
[Round "8.47"]
[White "Bancod,Ron"]
[Black "Kaisar,J"]
[Result "0-1"]
[WhiteElo "2306"]
[BlackElo "2299"]

1.e4 c5 2.Nf3 d6 3.Bb5+ Bd7 4.a4 a6 5.Bxd7+ Qxd7 6.O-O Nc6 7.d3 g6 8.Bd2 Bg7
9.Bc3 Nd4 10.Nbd2 Nxf3+ 11.Qxf3 e5 12.Nc4 Rb8 13.Qg3 Ne7 14.f4 f6 15.a5 O-O
16.fxe5 fxe5 17.Rf3 Rxf3 18.gxf3 Rf8 19.Qg4 Rd8 20.Ra3 Qxg4+ 21.fxg4 Nc6
22.Rb3 Rd7 23.Nb6 Rf7 24.Nd5 Bh6 25.h4 Bf4 26.Kg2 h6 27.Rb6 Bc1 28.b4 cxb4
29.Bxb4 Nxb4 30.Rxb4 Ba3 31.Rb1 Bc5 32.Rf1 Rxf1 33.Kxf1 Kf7 34.h5 gxh5 35.gxh5 Ke6
36.Ke2 Ba3 37.Kd2 Bc5 38.Ke2 Bd4 39.c3 Bc5 40.Kd2 Bf2 41.Kc2 Be1 42.Kd1 Bh4
43.Ke2 Bd8 44.Ne3 Bxa5 45.Nf5 Bxc3 46.Nxh6 Kf6 47.Nf5 Bb4 48.Kd1 Bc5 49.Kc2 b5
50.Kb3 Kg5 51.h6 Kg6 52.Ka2 Kh7 53.Kb3 a5 54.Kc2 a4 55.Kc3 b4+ 56.Kb2 b3  0-1

[Event "TCh-Belgrade Premier liga 2013"]
[Site "Belgrade SRB"]
[Date "2013.10.16"]
[Round "5.4"]
[White "Mirkovic,Sl"]
[Black "Ilincic,Z"]
[Result "0-1"]
[WhiteElo "2338"]
[BlackElo "2412"]

1.e4 c5 2.Nf3 d6 3.Bb5+ Bd7 4.Bxd7+ Qxd7 5.O-O Nc6 6.Re1 Nf6 7.c3 e6 8.d3 Be7
9.Nbd2 O-O 10.Nf1 b5 11.Ng3 b4 12.d4 bxc3 13.bxc3 cxd4 14.cxd4 Rfc8 15.Rb1 a5
16.a3 d5 17.e5 Ne8 18.Qd3 a4 19.Bg5 Na5 20.h4 h6 21.Bxe7 Qxe7 22.Rb4 Nb3
23.Qb5 Qa7 24.Qd3 Rcb8 25.Rxb8 Rxb8 26.Qc3 Qe7 27.Qb2 Nc7 28.Qe2 Qxa3 29.Qe3 Qb4
30.Nh5 Ne8 31.Nf6+ gxf6 32.exf6 Nxf6 33.Qxh6 Nxd4 34.Qg5+ Kf8 35.Rc1 Nxf3+
36.gxf3 Ne8 37.h5 Qb2 38.h6 Qf6 39.Qe3 d4  0-1

[Event "51st ch-IND B 2013"]
[Site "Bhopal IND"]
[Date "2013.10.16"]
[Round "6.24"]
[White "Das,Say"]
[Black "Joshi,GB"]
[Result "1/2-1/2"]
[WhiteElo "2366"]
[BlackElo "2166"]

1.e4 c5 2.Nf3 d6 3.Bb5+ Bd7 4.Bxd7+ Qxd7 5.O-O Nc6 6.b3 Nf6 7.d3 g6 8.Bb2 Bg7
9.Nbd2 O-O 10.Re1 Rfe8 11.Nc4 Rad8 12.a4 b6 13.h3 d5 14.Nce5 Nxe5 15.Nxe5 Qe6
16.Qc1 dxe4 17.dxe4 Nd7 18.Nf3 Ne5 19.Ng5 Qd6 20.Rd1 Qf6 21.Rxd8 Rxd8 22.f4 Nf3+
23.Nxf3 Qxb2 24.Qxb2 Bxb2 25.Rb1 Bc3 26.Kf2 Kf8 27.Ke2 Ke8 28.g4 a6 29.Rd1 Rxd1
30.Kxd1 f6 31.Ke2 Kd7 32.Kd3 Bb2 33.f5 g5 34.c3 Bc1 35.e5 Kc6 36.Ke4 Bb2
37.c4 Bc3 38.h4 h6 39.h5 Bb2 40.exf6 exf6 41.Ne1 a5  1/2-1/2

[Event "SPICE Cup Open 2013"]
[Site "St Louis USA"]
[Date "2013.10.16"]
[Round "2.17"]
[White "Agrest,I"]
[Black "Adamson,R"]
[Result "0-1"]
[WhiteElo "2154"]
[BlackElo "2278"]

1.e4 c5 2.Nf3 d6 3.Bb5+ Bd7 4.Bxd7+ Nxd7 5.O-O Ngf6 6.Re1 e6 7.d4 cxd4 8.Qxd4 Be7
9.Nc3 a6 10.h3 O-O 11.Bg5 Qc7 12.Rad1 Rac8 13.Bh4 b5 14.a3 Rfd8 15.Qe3 Nb6
16.Rd3 Nc4 17.Qc1 Qb7 18.Nd1 b4 19.axb4 Qxb4 20.Rb3 Qa5 21.Ne3 Ne5 22.Nd4 Ng6
23.Bxf6 Bxf6 24.Nf3 Qa4 25.Ra3 Qxe4 26.Rxa6 Qb7 27.Ra2 Nf4 28.Qd1 Bxb2 29.Ng4 Bc3
30.Re3 Nd5 31.Rd3 Nb4 32.Ra4 Nxd3 33.Qxd3 f5 34.Ng5 Qe7 35.h4 h6 36.Ne4 fxe4
37.Rxe4 Rf8 38.Qg3 Kh8 39.Ne3 Qf7 40.Qxd6 Qxf2+ 41.Kh2 Bd2  0-1

[Event "3rd Central Asia Cup"]
[Site "Dushanbe TJK"]
[Date "2013.10.17"]
[Round "6.2"]
[White "Kuderinov,K"]
[Black "Amonatov,F"]
[Result "1-0"]
[WhiteElo "2465"]
[BlackElo "2624"]

1.e4 c5 2.Nf3 d6 3.Bb5+ Nd7 4.d4 cxd4 5.Qxd4 a6 6.Bxd7+ Bxd7 7.Nc3 e5 8.Qd3 h6
9.O-O Nf6 10.a4 Rc8 11.Be3 Be7 12.a5 Qc7 13.Nd2 O-O 14.Rfc1 Be6 15.Nd5 Bxd5
16.exd5 Qd7 17.c4 Ng4 18.Bb6 f5 19.f3 Nf6 20.Re1 Rfe8 21.b3 Bf8 22.Kh1 h5
23.Re2 g6 24.Rae1 Bg7 25.Bf2 Qf7 26.Bh4 Bh6 27.Bxf6 Qxf6 28.Nf1 Rc7 29.b4 Bf8
30.Nd2 Kh7 31.Nb3 Rec8 32.Rc1 Qh4 33.g3 Qg5 34.Nd2 Qf6 35.Rc2 h4 36.Kg2 Re8
37.c5 dxc5 38.Nb3 hxg3 39.hxg3 c4 40.Rxc4 Rxc4 41.Qxc4 Bd6 42.Nd4 e4 43.Ne6 exf3+
44.Kxf3 g5 45.Kg2 Kg6 46.b5 Rh8 47.Nd4 Be5 48.Nf3 Re8 49.bxa6 bxa6 50.Qc6 Kf7
51.d6 g4 52.Qd5+  1-0

[Event "3rd Central Asia Cup"]
[Site "Dushanbe TJK"]
[Date "2013.10.17"]
[Round "6.9"]
[White "Egin,V"]
[Black "Kurbonboeva,Sarvinoz"]
[Result "1-0"]
[WhiteElo "2403"]
[BlackElo "2139"]

1.e4 c5 2.Nf3 d6 3.Bb5+ Bd7 4.Bxd7+ Qxd7 5.O-O Nc6 6.c3 Nf6 7.Qe2 e6 8.d4 cxd4
9.cxd4 d5 10.e5 Ne4 11.Be3 Be7 12.Ne1 f6 13.f3 Ng5 14.Nd3 O-O 15.Nd2 Nf7
16.f4 f5 17.Nf3 b6 18.h3 Rac8 19.Kh1 Nb4 20.Nxb4 Bxb4 21.g4 Rc6 22.Rg1 Rfc8
23.Rg2 Bf8 24.Rag1 fxg4 25.hxg4 Nh6 26.Qd3 Qf7 27.Rh2 Be7 28.f5 Nxg4 29.Rxg4 Qxf5
30.Qxf5 exf5 31.Rg1 R8c7 32.Bg5 Bxg5 33.Nxg5 h6 34.Nh3 Kf8 35.Nf4 Rd7 36.e6 Rdd6
37.e7+ Kxe7 38.Rxg7+ Kf8 39.Rhg2 Rc1+ 40.Kh2 Ke8 41.Rg8+  1-0

[Event "Indonesia Open 2013"]
[Site "Jakarta INA"]
[Date "2013.10.17"]
[Round "11.36"]
[White "Davletbayeva,M"]
[Black "Karavade,E"]
[Result "1/2-1/2"]
[WhiteElo "2259"]
[BlackElo "2400"]

1.e4 c5 2.Nf3 d6 3.Bb5+ Nd7 4.d4 cxd4 5.Qxd4 a6 6.Bxd7+ Bxd7 7.c4 Rc8 8.O-O e5
9.Qd3 b5 10.Na3 Qb6 11.b3 h6 12.Nc2 Nf6 13.Ne3 Be7 14.Ba3 Be6 15.Rfd1 b4
16.Bb2 Qb7 17.Nd5 Nxd5 18.exd5 Bd7 19.Rac1 Qb6 20.Qe3 Qxe3 21.fxe3 Bd8 22.c5 Rxc5
23.Rxc5 dxc5 24.Nxe5 f6 25.Nc4 Bb5 26.e4 Bxc4 27.bxc4 Kd7 28.e5 fxe5 29.Bxe5 Bf6
30.Bxf6 gxf6 31.Re1 Re8 32.Rxe8 Kxe8 33.Kf2 a5 34.Ke2 a4 35.Kd2 Kd7 36.Kc2 Kd6
37.Kb2 a3+ 38.Kb3 Ke5 39.Kc2 Kd6 40.Kb3 Ke5 41.Kc2  1/2-1/2

[Event "TCh-AUT 2nd West 2013-14"]
[Site "Austria AUT"]
[Date "2013.10.18"]
[Round "1.5"]
[White "Maurer,Joc"]
[Black "Kupfner,F"]
[Result "1-0"]
[WhiteElo "2233"]
[BlackElo "2172"]

1.e4 c5 2.Nf3 d6 3.Bb5+ Bd7 4.Bxd7+ Nxd7 5.O-O g6 6.c3 Bg7 7.d4 e5 8.dxe5 dxe5
9.Qb3 Qc7 10.Nbd2 Ngf6 11.Re1 O-O 12.Nc4 Rae8 13.Bg5 h6 14.Bh4 b6 15.Rad1 Re6
16.Ne3 Qc6 17.Nd5 Rfe8 18.Bxf6 Bxf6 19.Qa3 Qb7 20.Nd2 Bg7 21.Qa4 h5 22.Nf3 Nf8
23.b4 cxb4 24.cxb4 b5 25.Qb3 Bh6 26.Re2 Rc8 27.Rc2 Kh7 28.Rd3 f6 29.Rdc3 Rxc3
30.Rxc3 Bg7 31.Rc7 Qb8 32.Qc3 Rd6 33.Qc5 Qd8 34.Qxa7 Ne6 35.Re7  1-0

[Event "Aurora Fall Open 2013"]
[Site "Aurora CAN"]
[Date "2013.10.19"]
[Round "3.6"]
[White "Zotkin,Daniel"]
[Black "Dougherty,M"]
[Result "1/2-1/2"]
[WhiteElo "1768"]
[BlackElo "2166"]

1.e4 c5 2.Nf3 d6 3.Bb5+ Bd7 4.Bxd7+ Nxd7 5.O-O g6 6.c3 c4 7.b3 Ngf6 8.Re1 cxb3
9.axb3 Bg7 10.d4 O-O 11.Bf4 Qc7 12.Qc2 e5 13.Bd2 exd4 14.Nxd4 d5 15.exd5 Nxd5
16.Qe4 N7f6 17.Qf3 a6 18.Na3 Rfe8 19.c4 Nb6 20.Nac2 Nbd7 21.Bf4 Qb6 22.b4 Nh5
23.c5 Qf6 24.Qxb7 Qxf4 25.Rxe8+ Rxe8 26.Qxd7 Nf6 27.Qc6 Rd8 28.g3 Qd2 29.Qb6 Rxd4
30.Nxd4 Qxd4 31.Rxa6 Qd1+ 32.Kg2 Qd5+ 33.Kg1 Qd1+ 34.Kg2  1/2-1/2

[Event "SPICE Cup Open 2013"]
[Site "St Louis USA"]
[Date "2013.10.19"]
[Round "9.20"]
[White "Agrest,I"]
[Black "Hendrickson,Nolan R"]
[Result "1/2-1/2"]
[WhiteElo "2154"]
[BlackElo "2178"]

1.e4 c5 2.Nf3 d6 3.Bb5+ Bd7 4.Bxd7+ Qxd7 5.c4 Nf6 6.Nc3 g6 7.d4 cxd4 8.Nxd4 Nc6
9.f3 Nxd4 10.Qxd4 Bg7 11.O-O O-O 12.Qd3 Rfc8 13.Be3 Qd8 14.Rac1 Qa5 15.b3 a6
16.a4 Rab8 17.Rfd1 Qd8 18.Ba7 Ra8 19.Bd4 a5 20.Kh1 Nd7 21.Bxg7 Kxg7 22.Nd5 Rc6
23.f4 f6 24.Rc3 e6 25.Ne3 Qe7 26.Nc2 Nc5 27.Qf3 e5 28.f5 g5 29.Ne3 Qf7 30.Nd5 h5
31.Qe2 Rh8 32.Re3 Rd8 33.Rh3 Rh8 34.Qe1 b6 35.Qe2 h4 36.Re3 Rd8 37.Kg1 Rh8
38.Rd2 Rd8 39.Qd1 Na6 40.Nc3 Qe7 41.Qh5 Qf7 42.Qd1 Qe7 43.Red3 Nb4 44.Rh3 Rcc8
45.Kh1  1/2-1/2

[Event "51st ch-IND B 2013"]
[Site "Bhopal IND"]
[Date "2013.10.20"]
[Round "11.3"]
[White "Sethuraman,S"]
[Black "Debashis,D"]
[Result "0-1"]
[WhiteElo "2566"]
[BlackElo "2497"]

1.e4 c5 2.Nf3 d6 3.Bb5+ Nc6 4.O-O Bd7 5.Re1 Nf6 6.c3 a6 7.Bf1 Bg4 8.h3 Bxf3
9.Qxf3 e6 10.d3 Be7 11.Nd2 O-O 12.Qg3 Nh5 13.Qh2 Bg5 14.g3 e5 15.Be2 Nf6
16.f4 exf4 17.gxf4 Bh6 18.Nf1 c4 19.Ng3 cxd3 20.Bxd3 g6 21.Be3 d5 22.e5 d4
23.cxd4 Nd5 24.Bf2 Nxf4 25.Be4 f5 26.Bh1 Qh4 27.Rad1 Nxh3+ 28.Kf1 Bg5 29.Bf3 Nxf2
30.Qxf2 Rad8 31.e6 Nxd4 32.Bxb7 Be7 33.Bxa6 f4 34.Ne4 Qh1+ 35.Qg1 Qxg1+ 36.Kxg1 Nf3+
37.Kf1 Nxe1 38.Rxe1 f3 39.Rc1 Rd4 40.Bb7 f2 41.Nc3 Kg7 42.a4 Bb4 43.Bc6 Rf6
44.Bd7 Rh4 45.Ke2 f1=Q+ 46.Rxf1 Rh2+  0-1

[Event "TCh-CZE Zapad 2013-14"]
[Site "Czech Rep CZE"]
[Date "2013.10.20"]
[Round "1.1"]
[White "Simacek,P"]
[Black "Rasik,V"]
[Result "1/2-1/2"]
[WhiteElo "2485"]
[BlackElo "2465"]

1.e4 c5 2.Nf3 d6 3.Bb5+ Bd7 4.Bxd7+ Qxd7 5.c4 Nc6 6.Nc3 g6 7.d4 cxd4 8.Nxd4 Bg7
9.Be3 Nf6 10.h3 O-O 11.O-O a6 12.Rc1 e6 13.Nde2 Qc7 14.f4 Rfd8 15.Qe1 Rab8
16.f5 Re8 17.fxe6 fxe6 18.Qd2 Nd7 19.Rcd1 Nde5 20.b3 Nf7 21.Bf4 Nce5  1/2-1/2